[Event "Landsturneringen 2009, Elite"]
[Site "Bergen"]
[Date "2009.07.04"]
[Round "1"]
[White "Urkedal, Frode Olav Olsen"]
[Black "Hammer, Jon Ludvig"]
[Result "0-1"]
[WhiteElo "2317"]
[BlackElo "2582"]
[PlyCount "80"]
[EventDate "2009.07.??"]
[EventType "swiss"]
[EventRounds "9"]
[EventCountry "NOR"]

1. d4 Nf6 2. c4 g6 3. Nc3 d5 4. Bf4 Bg7 5. e3 c5 6. dxc5 Qa5 7. Qa4+ Qxa4 8.
Nxa4 O-O 9. Rd1 Be6 10. Nf3 dxc4 11. Ne5 Rc8 12. Bxc4 Bxc4 13. Nxc4 Nbd7 14.
Ne5 Nxc5 15. Nxc5 Rxc5 16. Nd3 Ra5 17. a3 Nd5 18. Bg3 Rc8 19. O-O Ra4 20. Ne5
Nb6 21. Rc1 Rxc1 22. Rxc1 Ra5 23. f4 Rb5 24. b4 f5 25. Rc5 Rxc5 26. bxc5 Na4
27. Nd3 Bb2 28. Nxb2 Nxb2 29. e4 fxe4 30. Kf2 Nc4 31. a4 Kf7 32. Ke2 Ke6 33.
Bh4 Kd7 34. g4 e6 35. Bf6 Kc6 36. Bd4 a6 37. h4 Kd5 38. Bf2 h5 39. gxh5 gxh5
40. Be1 Kxc5 0-1

[Event "Landsturneringen 2009, Elite"]
[Site "Bergen"]
[Date "2009.07.04"]
[Round "1"]
[White "Elsness, Frode"]
[Black "Gabrielsen, Stig"]
[Result "1-0"]
[WhiteElo "2438"]
[BlackElo "2298"]
[PlyCount "101"]
[EventDate "2009.07.??"]
[EventType "swiss"]
[EventRounds "9"]
[EventCountry "NOR"]

1. d4 c5 2. d5 e5 3. e4 d6 4. c4 Be7 5. Nc3 Bg5 6. Bd3 a6 7. Nge2 Bxc1 8. Qxc1
Nd7 9. O-O h5 10. a3 Nh6 11. b4 h4 12. Rb1 g5 13. Nd1 Qf6 14. Ne3 Rg8 15. Nc3
g4 16. Nf5 Rg6 17. g3 Nxf5 18. exf5 Rh6 19. Ne4 Qh8 20. Rb2 b6 21. Qg5 cxb4 22.
axb4 a5 23. f6 Kf8 24. Nxd6 Qxf6 25. Qxf6 Rxf6 26. Ne4 Rh6 27. Ra1 f5 28. Ng5
e4 29. Ne6+ Ke7 30. Be2 Ne5 31. Nc7 Ra7 32. Nb5 Ra8 33. bxa5 hxg3 34. fxg3 Bd7
35. Nc7 Rah8 36. Bd1 Nxc4 37. Rf2 Nxa5 38. Ba4 Bc8 39. Nb5 Bd7 40. Nd4 Rf6 41.
Bxd7 Kxd7 42. Rxf5 Rfh6 43. Rf7+ Ke8 44. Rf2 Rd6 45. Nb5 Rd7 46. Rf6 Ke7 47.
Rxb6 Nb3 48. Re6+ Kf7 49. Rf1+ Kg7 50. Rxe4 Rxd5 51. Nc7 1-0

[Event "Landsturneringen 2009, Elite"]
[Site "Bergen"]
[Date "2009.07.04"]
[Round "1"]
[White "Agdestein, Simen"]
[Black "Thomassen, Joachim"]
[Result "1-0"]
[WhiteElo "2542"]
[BlackElo "2307"]
[PlyCount "69"]
[EventDate "2009.07.??"]
[EventType "swiss"]
[EventRounds "9"]
[EventCountry "NOR"]

1. Nf3 Nf6 2. c4 g6 3. Nc3 Bg7 4. e4 d6 5. d4 O-O 6. Be2 c5 7. O-O cxd4 8. Nxd4
Nc6 9. Be3 Bd7 10. Qd2 Nxd4 11. Bxd4 Bc6 12. f3 a5 13. b3 Nd7 14. Bf2 Nc5 15.
Rab1 Qb8 16. Rfc1 Rc8 17. Nd5 Bxd5 18. Qxd5 Qc7 19. Qd2 h5 20. Bd1 Kh7 21. Be3
Qd8 22. Bc2 Qh8 23. f4 Kg8 24. Rf1 Bc3 25. Qf2 Qf6 26. Rbd1 Na6 27. Qg3 Nb4 28.
Bb1 Nc6 29. e5 dxe5 30. f5 Nd4 31. Kh1 Ne2 32. Qf3 Nf4 33. g3 Nh3 34. Qg2 Ng5
35. fxg6 1-0

[Event "Landsturneringen 2009, Elite"]
[Site "Bergen"]
[Date "2009.07.04"]
[Round "1"]
[White "Hole, Øystein"]
[Black "Lie, Espen"]
[Result "0-1"]
[WhiteElo "2374"]
[BlackElo "2469"]
[PlyCount "90"]
[EventDate "2009.07.??"]
[EventType "swiss"]
[EventRounds "9"]
[EventCountry "NOR"]

1. Nf3 Nf6 2. c4 g6 3. Nc3 Bg7 4. e4 d6 5. d4 O-O 6. Be2 e5 7. O-O Nc6 8. d5
Ne7 9. b4 Ne8 10. c5 f5 11. Nd2 Nf6 12. f3 f4 13. Nc4 g5 14. g4 h5 15. h3 Kf7
16. Ba3 Rh8 17. b5 hxg4 18. cxd6 cxd6 19. hxg4 Rh3 20. Kf2 Nxg4+ 21. fxg4 Rxc3
22. Bb4 Rxc4 23. Bxc4 Qb6+ 24. Ke1 a5 25. Bd2 Qd4 26. Rc1 Qxe4+ 27. Qe2 Qxe2+
28. Bxe2 Nxd5 29. Bf3 Be6 30. Rh1 Re8 31. Kf2 Re7 32. Bxa5 b6 33. Rhd1 e4 34.
Bxe4 Nf6 35. Bf3 bxa5 36. Rxd6 Nxg4+ 37. Bxg4 Bxg4 38. b6 Be6 39. Re1 Bc3 40.
Re4 Bc8 41. Rc4 Be1+ 42. Kf3 Re3+ 43. Kg2 f3+ 44. Kh2 Re2+ 45. Kg1 f2+ 0-1

[Event "Landsturneringen 2009, Elite"]
[Site "Bergen"]
[Date "2009.07.04"]
[Round "1"]
[White "Gabrielsen, Trond"]
[Black "Hansen, Torbjørn R"]
[Result "0-1"]
[WhiteElo "2300"]
[BlackElo "2425"]
[PlyCount "104"]
[EventDate "2009.07.??"]
[EventType "swiss"]
[EventRounds "9"]
[EventCountry "NOR"]

1. e4 e5 2. Nf3 Nc6 3. Bb5 a6 4. Ba4 Nf6 5. O-O Be7 6. Re1 b5 7. Bb3 d6 8. c3
O-O 9. d4 Bg4 10. Be3 exd4 11. cxd4 Na5 12. Bc2 c5 13. Nbd2 cxd4 14. Bxd4 Nc6
15. Be3 Rc8 16. h3 Bh5 17. g4 Bg6 18. Nh4 d5 19. Nxg6 hxg6 20. a3 Re8 21. Rc1
d4 22. Bf4 Bd6 23. Qf3 d3 24. Bxd6 dxc2 25. Bf4 g5 26. Bxg5 Ne5 27. Qb3 Nd3 28.
Rf1 Nxc1 29. Rxc1 Re5 30. Bf4 Nxe4 31. Rxc2 Rxc2 32. Qxc2 Nxd2 33. Qxd2 Rd5 34.
Qe2 Rd1+ 35. Kh2 Qd5 36. f3 Qd4 37. Be3 Qd3 38. Qf2 Rf1 39. Qg2 Re1 40. Bf2 Re2
41. Qg3 Rxb2 42. Qb8+ Kh7 43. Kg3 Qe2 44. Qa7 a5 45. Qc5 Rc2 46. Qf5+ Kg8 47.
Bd4 Qe1+ 48. Kf4 Rc4 49. Qd7 b4 50. axb4 axb4 51. Qd8+ Kh7 52. Qd5 Qe6 0-1

[Event "Landsturneringen 2009, Elite"]
[Site "Bergen"]
[Date "2009.07.04"]
[Round "1"]
[White "Østenstad, Berge"]
[Black "Stokke, Kjetil"]
[Result "1/2-1/2"]
[WhiteElo "2476"]
[BlackElo "2323"]
[PlyCount "81"]
[EventDate "2009.07.??"]
[EventType "swiss"]
[EventRounds "9"]
[EventCountry "NOR"]

1. c4 g6 2. d4 Nf6 3. Nc3 Bg7 4. e4 O-O 5. Nf3 d6 6. Be2 e5 7. d5 a5 8. Bg5 h6
9. Bh4 Na6 10. Nd2 Bd7 11. O-O Qe8 12. Rb1 Nh7 13. Kh1 h5 14. f3 Bh6 15. Bf2 f5
16. b3 Nc5 17. a3 fxe4 18. Ndxe4 Nxe4 19. Nxe4 Nf6 20. c5 Nxe4 21. fxe4 Qe7 22.
Qc2 Rf7 23. Bg1 Rxf1 24. Rxf1 Be8 25. Rf3 Bf8 26. c6 b6 27. Be3 Qh7 28. Qd2 Be7
29. Bg5 Qg7 30. g3 Kh7 31. Bf1 Bxg5 32. Qxg5 Bf7 33. h4 Bg8 34. Bh3 Rf8 35. Kg2
Rxf3 36. Kxf3 Qf8+ 37. Ke2 Kg7 38. Bg2 Qf6 39. Qe3 Qd8 40. Kd2 g5 41. Qf2
1/2-1/2

[Event "Landsturneringen 2009, Elite"]
[Site "Bergen"]
[Date "2009.07.04"]
[Round "1"]
[White "Hjelmås, Lars"]
[Black "Djurhuus, Rune"]
[Result "1/2-1/2"]
[WhiteElo "2246"]
[BlackElo "2440"]
[PlyCount "96"]
[EventDate "2009.07.??"]
[EventType "swiss"]
[EventRounds "9"]
[EventCountry "NOR"]

1. d4 Nf6 2. c4 g6 3. Nc3 Bg7 4. e4 O-O 5. f4 c6 6. e5 Ne8 7. h4 d6 8. Nf3 Bg4
9. h5 dxe5 10. fxe5 c5 11. Rh4 Bxf3 12. gxf3 e6 13. Re4 cxd4 14. h6 Bh8 15.
Rxd4 Qe7 16. f4 Qh4+ 17. Ke2 Qxh6 18. Bg2 Nc6 19. Rd7 Ng7 20. Qh1 Qxh1 21. Bxh1
Nf5 22. Be3 Ng3+ 23. Kf2 Nxh1+ 24. Rxh1 b6 25. Ne4 h5 26. Rg1 Rfd8 27. Rc7 Rdc8
28. Rd7 Rd8 29. Rgd1 Kf8 30. c5 bxc5 31. Bxc5+ Ke8 32. Rxd8+ Nxd8 33. Nd6+ Kf8
34. Nc8+ Ke8 35. Nd6+ Kf8 36. Nc8+ Ke8 37. Nxa7 f6 38. Nb5 Kf7 39. Rd7+ Kg8 40.
Nc7 Rb8 41. Be7 Rxb2+ 42. Kf3 Nf7 43. exf6 Rb7 44. Kg3 Ra7 45. a4 Rxa4 46. Nxe6
Ra6 47. Nf8 Bxf6 48. Nxg6 Bxe7 1/2-1/2

[Event "Landsturneringen 2009, Elite"]
[Site "Bergen"]
[Date "2009.07.04"]
[Round "1"]
[White "Gullaksen, Eirik"]
[Black "Johannessen, Leif E"]
[Result "1/2-1/2"]
[WhiteElo "2382"]
[BlackElo "2538"]
[PlyCount "52"]
[EventDate "2009.07.??"]
[EventType "swiss"]
[EventRounds "9"]
[EventCountry "NOR"]

1. e4 c5 2. Nf3 e6 3. d4 cxd4 4. Nxd4 a6 5. g3 Nf6 6. Bg2 d6 7. O-O Be7 8. b3
O-O 9. Bb2 Qc7 10. c4 Nc6 11. Nc3 Bd7 12. Rc1 Nxd4 13. Qxd4 Rac8 14. Rfd1 Rfd8
15. Qd2 Qb8 16. Ba3 Bc6 17. h3 b5 18. cxb5 axb5 19. Bb4 Bf8 20. Qe3 Qa8 21. Kh2
Rd7 22. Rd3 Rcd8 23. Rcd1 Ne8 24. Bf1 Nf6 25. Bg2 Ne8 26. Bf1 Nf6 1/2-1/2

[Event "Landsturneringen 2009, Elite"]
[Site "Bergen"]
[Date "2009.07.05"]
[Round "2"]
[White "Hammer, Jon Ludvig"]
[Black "Elsness, Frode"]
[Result "0-1"]
[WhiteElo "2582"]
[BlackElo "2438"]
[PlyCount "96"]
[EventDate "2009.07.??"]
[EventType "swiss"]
[EventRounds "9"]
[EventCountry "NOR"]

1. e4 c5 2. Nf3 d6 3. d4 cxd4 4. Nxd4 Nf6 5. Nc3 a6 6. Be3 e5 7. Nb3 Be7 8. f3
Be6 9. Qd2 O-O 10. O-O-O Nbd7 11. g4 b5 12. g5 b4 13. Ne2 Ne8 14. f4 a5 15. f5
Bxb3 16. cxb3 a4 17. bxa4 Rxa4 18. Kb1 Rxa2 19. Nc1 Ra4 20. Bb5 Ra5 21. Bc4 Nc5
22. Rhg1 Nxe4 23. Qg2 Qa8 24. Nb3 d5 25. Nxa5 dxc4 26. f6 Bd6 27. Bb6 c3 28.
Rge1 b3 29. Nxb3 Nd2+ 30. Rxd2 cxd2 31. Qxd2 gxf6 32. Bc5 Qf3 33. Bxd6 Nxd6 34.
Qxd6 Qf5+ 35. Ka2 Ra8+ 36. Na5 Rxa5+ 37. Kb3 Rb5+ 38. Ka4 Rxb2 39. Qd8+ Kg7 40.
gxf6+ Kg6 41. Ka3 Rxh2 42. Qg8+ Kxf6 43. Qd8+ Kg6 44. Qd6+ f6 45. Rg1+ Kh6 46.
Qf8+ Kh5 47. Qf7+ Kh4 48. Qc4+ Qf4 0-1

[Event "Landsturneringen 2009, Elite"]
[Site "Bergen"]
[Date "2009.07.05"]
[Round "2"]
[White "Lie, Espen"]
[Black "Agdestein, Simen"]
[Result "1/2-1/2"]
[WhiteElo "2469"]
[BlackElo "2542"]
[PlyCount "96"]
[EventDate "2009.07.??"]
[EventType "swiss"]
[EventRounds "9"]
[EventCountry "NOR"]

1. c4 Nf6 2. g3 g6 3. Bg2 d5 4. cxd5 Nxd5 5. Nc3 Nb6 6. Nf3 Bg7 7. O-O Nc6 8.
d3 O-O 9. Be3 h6 10. Rc1 Re8 11. Qc2 e5 12. Ne4 Rb8 13. Rfe1 Be6 14. a3 Bd5 15.
Nc3 Be6 16. Na4 Bd5 17. Nc3 Be6 18. Na4 g5 19. b4 Nd4 20. Bxd4 exd4 21. Nxb6
cxb6 22. h4 g4 23. Nd2 Re7 24. Qb2 f5 25. Nf1 Rc8 26. Rxc8 Qxc8 27. Rc1 Rc7 28.
Rxc7 Qxc7 29. Qd2 Qc3 30. Qf4 Qxa3 31. Qd6 Qa2 32. b5 Qxe2 33. Bd5 Bxd5 34.
Qxd5+ Kh8 35. Qxf5 Qf3 36. Qg6 Qd5 37. Nd2 Qxb5 38. Nc4 Qd7 39. Nd6 Kg8 40. Nf5
Kf8 41. Nxh6 b5 42. Qh7 Qe6 43. Nf5 Be5 44. h5 Qf7 45. Qh6+ Ke8 46. Nd6+ Bxd6
47. Qxd6 Qxh5 48. Qb8+ Kd7 1/2-1/2

[Event "Landsturneringen 2009, Elite"]
[Site "Bergen"]
[Date "2009.07.05"]
[Round "2"]
[White "Moen, Andreas G.R"]
[Black "Løvik, Lasse Østebø"]
[Result "1-0"]
[WhiteElo "2297"]
[BlackElo "2349"]
[PlyCount "57"]
[EventDate "2009.07.??"]
[EventType "swiss"]
[EventRounds "9"]
[EventCountry "NOR"]

1. d4 d5 2. c4 c6 3. cxd5 cxd5 4. Nc3 Nc6 5. Bf4 Nf6 6. e3 e6 7. Bd3 Bd6 8.
Bxd6 Qxd6 9. f4 h6 10. Nf3 g5 11. g3 Ng4 12. Qe2 f5 13. O-O-O Rg8 14. Ne5 Nf6
15. Kb1 Bd7 16. Na4 gxf4 17. gxf4 Nxd4 18. exd4 Bxa4 19. Bb5+ Bxb5 20. Qxb5+
Nd7 21. Rhg1 Ke7 22. Qxb7 Rab8 23. Nc6+ Kf6 24. Nxb8 Rxb8 25. Qxa7 Qc6 26. Qa3
Nb6 27. Qg3 Rb7 28. Qh4+ Kf7 29. Qxh6 1-0

[Event "Landsturneringen 2009, Elite"]
[Site "Bergen"]
[Date "2009.07.05"]
[Round "2"]
[White "Bae, Torstein"]
[Black "Østmoe, Geir Sune Tallaksen"]
[Result "1/2-1/2"]
[WhiteElo "2402"]
[BlackElo "2383"]
[PlyCount "59"]
[EventDate "2009.07.??"]
[EventType "swiss"]
[EventRounds "9"]
[EventCountry "NOR"]

1. c4 e6 2. e4 d5 3. exd5 exd5 4. d4 Nf6 5. Nc3 Be7 6. Nf3 O-O 7. Be2 dxc4 8.
Bxc4 Bg4 9. O-O Nbd7 10. h3 Nb6 11. Bb3 Bf5 12. Ne5 Nbd5 13. Bg5 c6 14. Re1 Qd6
15. Qe2 Rae8 16. Rad1 Be6 17. Bc2 Nxc3 18. bxc3 Nd5 19. Bd2 b5 20. a4 a6 21. c4
bxc4 22. Nxc4 Qc7 23. Ne5 Nb4 24. Bb1 Rd8 25. Rc1 Qb7 26. Qe3 Rfe8 27. Qe4 g6
28. Ng4 Bxg4 29. Qxg4 Bf6 30. Rxe8+ 1/2-1/2

[Event "Landsturneringen 2009, Elite"]
[Site "Bergen"]
[Date "2009.07.05"]
[Round "2"]
[White "Forså, Espen"]
[Black "Østenstad, Berge"]
[Result "0-1"]
[WhiteElo "2285"]
[BlackElo "2476"]
[PlyCount "108"]
[EventDate "2009.07.??"]
[EventType "swiss"]
[EventRounds "9"]
[EventCountry "NOR"]

1. d4 e6 2. c4 Nf6 3. g3 c5 4. Nf3 cxd4 5. Nxd4 Qb6 6. Bg2 Bc5 7. e3 Nc6 8. Nc2
d5 9. cxd5 Nxd5 10. O-O O-O 11. e4 Ndb4 12. Nxb4 Bxb4 13. Be3 Bc5 14. Bxc5 Qxc5
15. Nc3 Rd8 16. Qe2 e5 17. Nd5 Be6 18. Rac1 Qd6 19. Rfd1 Nd4 20. Qe3 Rac8 21.
Rc3 Rc6 22. Rdc1 Rdc8 23. h3 f6 24. Kh2 Nb5 25. Rxc6 bxc6 26. Nc3 Nd4 27. b3
Qa3 28. Rd1 c5 29. Bf1 Kf8 30. Qc1 Qa5 31. Qb2 Rb8 32. Nd5 Bxd5 33. exd5 Qd8
34. Bc4 Qd6 35. Qb1 f5 36. Kg2 Re8 37. Qc1 g6 38. Qh6+ Kg8 39. Qg5 Kg7 40. Re1
e4 41. Qe3 Qe5 42. Rc1 Rf8 43. Qf4 Qxf4 44. gxf4 Rd8 45. b4 cxb4 46. Bf1 Rxd5
47. Rc7+ Kh6 48. Rxa7 Ne6 49. Bc4 Nxf4+ 50. Kg3 Nh5+ 51. Kg2 Rd2 52. Kf1 Nf4
53. Ke1 Rc2 54. Bg8 Kg5 0-1

[Event "Landsturneringen 2009, Elite"]
[Site "Bergen"]
[Date "2009.07.05"]
[Round "2"]
[White "Stokke, Kjetil"]
[Black "Hjelmås, Lars"]
[Result "1-0"]
[WhiteElo "2323"]
[BlackElo "2246"]
[PlyCount "55"]
[EventDate "2009.07.??"]
[EventType "swiss"]
[EventRounds "9"]
[EventCountry "NOR"]

1. Nf3 e6 2. c4 Nf6 3. g3 b6 4. Bg2 Bb7 5. O-O h5 6. d4 h4 7. d5 hxg3 8. hxg3
exd5 9. Nd4 Qe7 10. Bf4 Qc5 11. Nc3 Nc6 12. Ndb5 dxc4 13. Nxc7+ Kd8 14. Nxa8
Qh5 15. Re1 Nd4 16. e4 Qh2+ 17. Kf1 Ne6 18. Bd6 Bxa8 19. Bxf8 Rxf8 20. Qd6 Kc8
21. Nb5 a6 22. Nc7 Ne8 23. Nxe8 Rxe8 24. Qxb6 f5 25. Rac1 Nc7 26. Rxc4 Bc6 27.
Rb4 Bb5+ 28. Rxb5 1-0

[Event "Landsturneringen 2009, Elite"]
[Site "Bergen"]
[Date "2009.07.05"]
[Round "2"]
[White "Djurhuus, Rune"]
[Black "Gullaksen, Eirik"]
[Result "1/2-1/2"]
[WhiteElo "2440"]
[BlackElo "2382"]
[PlyCount "67"]
[EventDate "2009.07.??"]
[EventType "swiss"]
[EventRounds "9"]
[EventCountry "NOR"]

1. d4 Nf6 2. c4 g6 3. Nc3 Bg7 4. e4 d6 5. f3 O-O 6. Nge2 c5 7. Be3 Qa5 8. Qd2
Nc6 9. d5 Ne5 10. Ng3 e6 11. Be2 exd5 12. cxd5 b6 13. Nb5 Qxd2+ 14. Kxd2 Ne8
15. a4 a6 16. Nc3 Nc7 17. Rhb1 a5 18. f4 Ng4 19. Bg1 f5 20. Bxg4 fxg4 21. Be3
Ba6 22. Nh1 Rae8 23. Nf2 h5 24. g3 Rf7 25. Re1 Bc4 26. Kc2 Na6 27. Rad1 Nb4+
28. Kc1 Rfe7 29. Nb5 Rd7 30. Rd2 Bb3 31. Nc3 Rde7 32. Nb5 Rd7 33. Nc3 Rde7 34.
Nb5 1/2-1/2

[Event "Landsturneringen 2009, Elite"]
[Site "Bergen"]
[Date "2009.07.05"]
[Round "2"]
[White "Johannessen, Leif E"]
[Black "Urkedal, Frode Olav Olsen"]
[Result "1/2-1/2"]
[WhiteElo "2538"]
[BlackElo "2317"]
[PlyCount "97"]
[EventDate "2009.07.??"]
[EventType "swiss"]
[EventRounds "9"]
[EventCountry "NOR"]

1. d4 Nf6 2. c4 e6 3. Nf3 b6 4. Nc3 Bb4 5. Bg5 h6 6. Bh4 Bb7 7. Nd2 Nc6 8. e3
Qe7 9. f3 O-O-O 10. Bf2 d5 11. cxd5 Nxd5 12. Nxd5 Rxd5 13. Bc4 Rdd8 14. a3
Bxd2+ 15. Qxd2 Qg5 16. Bg3 e5 17. f4 exf4 18. Bxf4 Qh4+ 19. Bg3 Qe4 20. Bd3 Qd5
21. Rc1 h5 22. h3 h4 23. Bh2 f5 24. O-O g6 25. b4 Rh7 26. Bc4 Qe4 27. Rf4 Qe7
28. Rf2 Qe4 29. Bd3 Qd5 30. Bc4 Qe4 31. Bd3 Qd5 32. Qa2 Qxa2 33. Rxa2 Nb8 34.
Rac2 Rdd7 35. Rc3 Bd5 36. a4 Kb7 37. a5 Na6 38. Bb5 Rde7 39. axb6 axb6 40. Rb1
c6 41. Bf1 b5 42. Ra3 Re8 43. Kf2 Ra8 44. Rba1 Rhh8 45. Bd6 Rhd8 46. Be7 Re8
47. Bd6 Red8 48. Be7 Re8 49. Bd6 1/2-1/2

[Event "Landsturneringen 2009, Elite"]
[Site "Bergen"]
[Date "2009.07.05"]
[Round "2"]
[White "Gabrielsen, Stig"]
[Black "Hole, Øystein"]
[Result "1/2-1/2"]
[WhiteElo "2298"]
[BlackElo "2374"]
[PlyCount "58"]
[EventDate "2009.07.??"]
[EventType "swiss"]
[EventRounds "9"]
[EventCountry "NOR"]

1. e4 c6 2. d4 d5 3. f3 dxe4 4. fxe4 e5 5. Nf3 Bg4 6. Bc4 Nd7 7. O-O Ngf6 8. c3
Bd6 9. Bg5 O-O 10. Nbd2 b5 11. Bb3 Qb6 12. Kh1 exd4 13. Bxf6 Nxf6 14. cxd4 Bxf3
15. Nxf3 Nxe4 16. Qd3 Rae8 17. Rae1 c5 18. dxc5 Nxc5 19. Bxf7+ Kh8 20. Qf5 Ne4
21. Rxe4 Rxe4 22. Qxe4 Rxf7 23. Rc1 h6 24. Ne5 Rc7 25. Qa8+ Kh7 26. Qe4+ Kg8
27. Qd5+ Kh7 28. Qe4+ Kg8 29. Qd5+ Kh7 1/2-1/2

[Event "Landsturneringen 2009, Elite"]
[Site "Bergen"]
[Date "2009.07.05"]
[Round "2"]
[White "Thomassen, Joachim"]
[Black "Grønn, Atle"]
[Result "1-0"]
[WhiteElo "2307"]
[BlackElo "2415"]
[PlyCount "87"]
[EventDate "2009.07.??"]
[EventType "swiss"]
[EventRounds "9"]
[EventCountry "NOR"]

1. e4 c6 2. d4 d5 3. Nc3 dxe4 4. Nxe4 Nd7 5. Ng5 Ngf6 6. Bd3 e6 7. N1f3 Bd6 8.
Qe2 h6 9. Ne4 Nxe4 10. Qxe4 Nf6 11. Qe2 Qc7 12. Bd2 b6 13. O-O-O Bb7 14. Kb1
O-O-O 15. c4 c5 16. Bc3 Kb8 17. Bd2 Kc8 18. Bc3 Kb8 19. Rhe1 Ka8 20. Ka1 Rhe8
21. Bb1 Ba6 22. b3 Bb7 23. dxc5 Bxc5 24. g3 Rxd1 25. Rxd1 Rd8 26. Rxd8+ Qxd8
27. b4 Bd6 28. Ne5 Qc7 29. Kb2 Ne8 30. f4 Bf8 31. Bd3 Nd6 32. a3 Be7 33. Bd4
Bf6 34. g4 g5 35. f5 exf5 36. gxf5 Bc8 37. Nf3 Bxd4+ 38. Nxd4 Qd7 39. Qe5 Bb7
40. c5 bxc5 41. bxc5 Ne8 42. c6 Bxc6 43. Nxc6 Nd6 44. Qd5 1-0

[Event "Landsturneringen 2009, Elite"]
[Site "Bergen"]
[Date "2009.07.05"]
[Round "2"]
[White "Lie, Kjetil A"]
[Black "Gabrielsen, Trond"]
[Result "1-0"]
[WhiteElo "2527"]
[BlackElo "2300"]
[PlyCount "77"]
[EventDate "2009.07.??"]
[EventType "swiss"]
[EventRounds "9"]
[EventCountry "NOR"]

1. d4 f5 2. e4 fxe4 3. Nc3 Nf6 4. Bg5 Nc6 5. d5 Ne5 6. Qe2 c6 7. O-O-O Nf7 8.
Bxf6 gxf6 9. Qxe4 cxd5 10. Rxd5 e6 11. Rh5 a6 12. Bd3 Qe7 13. Nf3 f5 14. Qf4
Qb4 15. Qe3 Qc5 16. Qe2 Kd8 17. g4 Bg7 18. Nd1 Qd5 19. Kb1 b5 20. gxf5 Bb7 21.
Rg1 Bf6 22. Nd2 Nd6 23. Rh6 Qe5 24. fxe6 dxe6 25. Qg4 Kc7 26. Nf3 Bxf3 27. Qxf3
Raf8 28. Rh5 Qd4 29. Rg4 Qb6 30. Qe2 Kd7 31. Rf4 Be7 32. Rxf8 Rxf8 33. Rxh7 Qc6
34. Qe3 Nc8 35. a3 Qh1 36. Qd4+ Qd5 37. Qxd5+ exd5 38. Ne3 Rxf2 39. Bf5+ 1-0

[Event "Landsturneringen 2009, Elite"]
[Site "Bergen"]
[Date "2009.07.06"]
[Round "3"]
[White "Elsness, Frode"]
[Black "Moen, Andreas G.R"]
[Result "1-0"]
[WhiteElo "2438"]
[BlackElo "2297"]
[PlyCount "51"]
[EventDate "2009.07.??"]
[EventType "swiss"]
[EventRounds "9"]
[EventCountry "NOR"]

1. d4 d5 2. c4 c6 3. Nf3 Nf6 4. Nc3 e6 5. Bg5 dxc4 6. e4 b5 7. e5 h6 8. Bh4 g5
9. Nxg5 hxg5 10. Bxg5 Nbd7 11. g3 Rg8 12. h4 Rxg5 13. hxg5 Nd5 14. g6 fxg6 15.
Qg4 Qe7 16. Bg2 Bb7 17. Qxg6+ Qf7 18. Be4 Nxc3 19. bxc3 Bg7 20. Qg5 Nf8 21. Rh4
c5 22. Rf4 Bxe4 23. Rxf7 Kxf7 24. Qf4+ Bf5 25. g4 Ng6 26. Qf3 1-0

[Event "Landsturneringen 2009, Elite"]
[Site "Bergen"]
[Date "2009.07.06"]
[Round "3"]
[White "Agdestein, Simen"]
[Black "Stokke, Kjetil"]
[Result "1-0"]
[WhiteElo "2542"]
[BlackElo "2323"]
[PlyCount "85"]
[EventDate "2009.07.??"]
[EventType "swiss"]
[EventRounds "9"]
[EventCountry "NOR"]

1. d4 Nf6 2. c4 g6 3. g3 Bg7 4. Bg2 O-O 5. Nc3 d6 6. Nf3 Nc6 7. O-O Bf5 8. Ne1
Qc8 9. e4 Bh3 10. f3 Bxg2 11. Kxg2 Nd7 12. Be3 Na5 13. b3 c5 14. Rc1 Nc6 15. d5
Nb4 16. Qd2 Na6 17. Bh6 Nc7 18. h4 Bxh6 19. Qxh6 Kh8 20. Nd3 Rg8 21. Qe3 b5 22.
e5 bxc4 23. bxc4 Qf8 24. Ne4 f6 25. f4 Nb6 26. Qe2 f5 27. Ng5 h6 28. Rh1 Rg7
29. h5 Kg8 30. hxg6 Rxg6 31. Nf3 Qg7 32. Rh3 Rf8 33. Kh2 Qh7 34. Nh4 Rg4 35.
Nf2 Rg7 36. e6 Ncxd5 37. cxd5 Nxd5 38. Qd3 Nc7 39. Nd1 Kh8 40. Ne3 Nxe6 41.
Nhxf5 Nd4 42. Rxh6 Nxf5 43. Nxf5 1-0

[Event "Landsturneringen 2009, Elite"]
[Site "Bergen"]
[Date "2009.07.06"]
[Round "3"]
[White "Østenstad, Berge"]
[Black "Lie, Espen"]
[Result "1/2-1/2"]
[WhiteElo "2476"]
[BlackElo "2469"]
[PlyCount "127"]
[EventDate "2009.07.??"]
[EventType "swiss"]
[EventRounds "9"]
[EventCountry "NOR"]

1. Nf3 g6 2. e4 Bg7 3. d4 d6 4. c3 Nf6 5. Bd3 O-O 6. O-O Nfd7 7. Bg5 c6 8. Qd2
Re8 9. a4 Qc7 10. Na3 e5 11. h3 Nf8 12. Rad1 Be6 13. Rfe1 f6 14. Bh6 Nbd7 15.
dxe5 Nxe5 16. Nxe5 dxe5 17. Be3 f5 18. f3 f4 19. Bf2 Bf6 20. Bc4 Bxc4 21. Nxc4
Red8 22. Qc2 b6 23. b4 Qf7 24. Qe2 Ne6 25. Rxd8+ Rxd8 26. Rd1 Rxd1+ 27. Qxd1
Nf8 28. Qd3 Qd7 29. Qd6 Kg7 30. Qxd7+ Nxd7 31. Nd6 Bd8 32. b5 cxb5 33. axb5 Nb8
34. Nc8 a6 35. bxa6 Nxa6 36. Bxb6 Bxb6+ 37. Nxb6 Nc5 38. Kf1 Kf6 39. Ke2 Kg5
40. Nc4 Na4 41. Nxe5 Nxc3+ 42. Kd3 Nd1 43. Nc4 Kf6 44. Kd2 Nf2 45. Nb2 Nh1 46.
Nd3 g5 47. Kc3 Ng3 48. Kd4 Nf1 49. Nc5 h5 50. Nd3 h4 51. Nb4 Ke6 52. Nc2 Ng3
53. Kc5 Ke5 54. Ne1 Nf1 55. Nd3+ Ke6 56. Kd4 Ne3 57. Ne1 Kd6 58. e5+ Ke6 59.
Ke4 Nc4 60. Nd3 Nd2+ 61. Kd4 Nb3+ 62. Kc4 Na5+ 63. Kb5 Nb3 64. Kc4 1/2-1/2

[Event "Landsturneringen 2009, Elite"]
[Site "Bergen"]
[Date "2009.07.06"]
[Round "3"]
[White "Østmoe, Geir Sune Tallaksen"]
[Black "Hansen, Torbjørn R"]
[Result "1-0"]
[WhiteElo "2383"]
[BlackElo "2425"]
[PlyCount "111"]
[EventDate "2009.07.??"]
[EventType "swiss"]
[EventRounds "9"]
[EventCountry "NOR"]

1. Nf3 Nf6 2. c4 g6 3. Nc3 Bg7 4. e4 d6 5. d4 O-O 6. Be2 e5 7. O-O Nc6 8. d5
Ne7 9. Ne1 Nd7 10. Be3 f5 11. f3 f4 12. Bf2 g5 13. Rc1 Ng6 14. c5 Nxc5 15. b4
Na6 16. Nb5 b6 17. Qa4 Qd7 18. Rc6 Ne7 19. Rc3 Rf7 20. Qa3 Ng6 21. Nxd6 Qxd6
22. Bxa6 Bd7 23. Bb7 Raf8 24. Bc6 Bc8 25. b5 Qf6 26. d6 cxd6 27. Bd5 Be6 28.
Qxd6 Bxd5 29. Qxd5 Rd8 30. Qb3 Kh8 31. Rc6 Qe7 32. Nd3 g4 33. fxg4 f3 34. g3
Qd7 35. h3 Rff8 36. Rd1 Ne7 37. Rcc1 Qb7 38. Qc4 Rc8 39. Qe6 Ng6 40. Rxc8 Rxc8
41. h4 Rd8 42. h5 Qxe4 43. hxg6 Qe2 44. Qb3 e4 45. Nb2 Rxd1+ 46. Nxd1 hxg6 47.
Ne3 Bd4 48. Qc4 Bxe3 49. Qc3+ Kg8 50. Qxe3 Qd1+ 51. Be1 Qc2 52. Qb3+ Qxb3 53.
axb3 e3 54. Bc3 Kf7 55. Bd4 e2 56. Kf2 1-0

[Event "Landsturneringen 2009, Elite"]
[Site "Bergen"]
[Date "2009.07.06"]
[Round "3"]
[White "Løvik, Lasse Østebø"]
[Black "Bae, Torstein"]
[Result "1/2-1/2"]
[WhiteElo "2349"]
[BlackElo "2402"]
[PlyCount "100"]
[EventDate "2009.07.??"]
[EventType "swiss"]
[EventRounds "9"]
[EventCountry "NOR"]

1. e4 e5 2. Nf3 Nc6 3. Bb5 a6 4. Bxc6 dxc6 5. O-O Bd6 6. d4 exd4 7. Qxd4 f6 8.
Re1 Ne7 9. Be3 Be6 10. Nc3 Ng6 11. Rad1 O-O 12. Ne2 Qe7 13. a3 Qf7 14. Qc3 Rfe8
15. Nfd4 Bd7 16. f3 Re7 17. Ng3 Nh4 18. Qb3 c5 19. Ndf5 Nxf5 20. Nxf5 Bxf5 21.
Qxf7+ Kxf7 22. exf5 Re5 23. f4 Re4 24. g3 Rae8 25. Kf2 c4 26. Bd4 Rxd4 27. Rxd4
Bc5 28. Rxe8 Bxd4+ 29. Re3 b5 30. c3 Bc5 31. Kf3 Bxe3 32. Kxe3 Ke7 33. Ke4 Kd6
34. Kd4 Kc6 35. Ke4 Kc5 36. g4 Kc6 37. Kd4 Kd6 38. Ke4 Kc5 39. h3 Kc6 40. Ke3
Kd5 41. Kf3 Kc5 42. Ke4 c6 43. g5 Kd6 44. Kd4 c5+ 45. Ke4 Kc6 46. h4 Kd6 47.
Ke3 h6 48. h5 Kd5 49. Kf3 b4 50. g6 b3 1/2-1/2